| 000 | 00656nam a22002057a 4500 | ||
|---|---|---|---|
| 999 |
_c15548 _d15548 |
||
| 003 | AR-CdUCM | ||
| 008 | 190429b ||||| |||| 00| 0 spa d | ||
| 040 |
_aMUNICIPALIDAD PROVINCIAL DEL CUSCO _cBIBLIOTECA MUNICIPAL DEL CUSCO |
||
| 082 |
_a339.385 / _bR36 |
||
| 100 |
_aReinaga, César Augusto _91406 |
||
| 245 | _aRenta nacional y desarrollo integral / | ||
| 260 |
_aCusco : _bGarcilaso, _c1964. |
||
| 300 |
_a102 páginas ; _c22 cm. |
||
| 505 | _aContenido: Renta nacional -- Desarrollo integral. | ||
| 650 |
_aCondiciones económicas _91989 |
||
| 650 |
_aPerú _935 |
||
| 650 |
_aEconomía _9382 |
||
| 942 |
_2ddc _cLIBROS |
||
| 945 |
_aachl _d2019-04-29 |
||